[Event "NOR-ch Elite 2019"]
[Site "Larvik"]
[Date "2019.07.07"]
[Round "3.6"]
[White "Mihajlov, Sebastian"]
[Black "Christiansen, Johan-Sebastian"]
[Result "1/2-1/2"]
[WhiteElo "2375"]
[BlackElo "2548"]
[Annotator "ChessBase"]
[PlyCount "175"]
[EventDate "2019.07.05"]
[EventType "swiss"]
[EventCountry "NOR"]
[SourceTitle "playchess.com"]
[Source "ChessBase"]
[SourceQuality "1"]
[TimeControl "40/5400+30:1800+30"]

1. d4 {[%emt 0:11:43]} Nf6 {[%emt 0:00:00]} 2. Nf3 {[%emt 0:00:07]} c5 {[%emt 0:00:54]} 3. c3 {[%emt 0:04:42]} g6 {[%emt 0:01:22]} 4. g3 {[%emt 0:03:35]} Qa5 {[%emt 0:00:53]} 5. dxc5 {[%emt 0:02:51]} Qxc5 {[%emt 0:00:09]} 6. Bg2 {[%emt 0:00:04]} Bg7 {[%emt 0:00:13]} 7. O-O {[%emt 0:00:04]} O-O {[%emt 0:00:13]} 8. Nbd2 {[%emt 0:04:55]} d6 {[%emt 0:01:00]} 9. e4 {[%emt 0:00:45]} Nc6 {[%emt 0:02:01]} 10. h3 {[%emt 0:03:41]} h6 {[%emt 0:08:52]} 11. Nb3 {[%emt 0:01:01]} Qb6 {[%emt 0:01:24]} 12. Be3 {[%emt 0:00:11]} Qc7 {[%emt 0:00:34]} 13. Qc2 {[%emt 0:03:09]} b6 {[%emt 0:05:54]} 14. Nbd4 {[%emt 0:04:00]} Na5 {[%emt 0:05:32]} 15. Nd2 {[%emt 0:19:59]} Bb7 {[%emt 0:02:21]} 16. c4 {[%emt 0:03:29]} Rac8 {[%emt 0:05:47]} 17. Rac1 {[%emt 0:00:05]} Qb8 {[%emt 0:02:12]} 18. Qb1 {[%emt 0:01:51]} Qa8 {[%emt 0:04:30]} 19. b3 {[%emt 0:02:38]} Rfd8 {[%emt 0:05:01]} 20. Rfd1 {[%emt 0:01:14]} Kh7 {[%emt 0:00:26]} 21. Kh2 {[%emt 0:00:45]} Nd7 {[%emt 0:11:33]} 22. Ne2 {[%emt 0:07:10]} Nc6 {[%emt 0:03:38]} 23. Nf1 {[%emt 0:03:40]} Qb8 {[%emt 0:03:33]} 24. f4 {[%emt 0:01:47]} Ba8 {[%emt 0:00:24]} 25. g4 {[%emt 0:00:18]} b5 {[%emt 0:05:43]} 26. Nfg3 {[%emt 0:00:37]} bxc4 {[%emt 0:11:00]} 27. Rxc4 {[%emt 0:00:06]} Bb7 {[%emt 0:00:03]} 28. Rdc1 {[%emt 0:02:47]} Qa8 {[%emt 0:05:48]} 29. b4 {[%emt 0:05:08]} a6 {[%emt 0:03:21]} 30. a4 {[%emt 0:00:29]} a5 {[%emt 0:02:44]} 31. b5 {[%emt 0:02:59]} Nb4 {[%emt 0:00:02]} 32. Rc7 {[%emt 0:00:51]} Qb8 {[%emt 0:01:45]} 33. Rxc8 {[%emt 0:00:37]} Rxc8 {[%emt 0:00:08]} 34. Qb3 {[%emt 0:00:18]} e6 {[%emt 0:01:36]} 35. Qd1 {[%emt 0:03:08]} d5 {[%emt 0:01:33]} 36. exd5 {[%emt 0:01:16]} Bxd5 {[%emt 0:00:39]} 37. Bxd5 {[%emt 0:00:04]} Nxd5 {[%emt 0:00:14]} 38. Bd2 {[%emt 0:00:06]} Rxc1 {[%emt 0:02:15]} 39. Qxc1 {[%emt 0:00:04]} Qa7 {[%emt 0:00:22]} 40. Qe1 {[%emt 0:01:27]} Nc5 {[%emt 0:01:19]} 41. Qf2 {[%emt 0:31:28]} Qe7 {[%emt 0:07:02]} 42. Bxa5 {[%emt 0:00:00]} Nxa4 {[%emt 0:00:36]} 43. f5 {[%emt 0:00:00]} Qb7 {[%emt 0:06:26]} 44. fxg6+ {[%emt 0:00:00]} fxg6 {[%emt 0:00:01]} 45. b6 {[%emt 0:00:00]} Qa6 {[%emt 0:03:26]} 46. Nf4 {[%emt 0:00:00]} Nxf4 {[%emt 0:13:50]} 47. Qxf4 {[%emt 0:00:00]} Nc5 {[%emt 0:01:38]} 48. Bc3 {[%emt 0:00:00]} e5 {[%emt 0:01:53]} 49. Qb4 {[%emt 0:02:30]} Qa2+ {[%emt 0:00:01]} 50. Qb2 {[%emt 0:00:18]} Qd5 {[%emt 0:00:52]} 51. Qb5 {[%emt 0:00:14]} Qa2+ {[%emt 0:00:11]} 52. Qb2 {[%emt 0:00:13]} Qf7 {[%emt 0:00:15]} 53. Qe2 {[%emt 0:00:44]} Qf6 {[%emt 0:00:34]} 54. Qe3 {[%emt 0:01:01]} Nd7 {[%emt 0:02:00]} 55. Ba5 {[%emt 0:01:45]} Qc6 {[%emt 0:00:14]} 56. Ne4 {[%emt 0:02:40]} Qd5 {[%emt 0:00:35]} 57. Qd2 {[%emt 0:01:24]} Nxb6 {[%emt 0:01:06]} 58. Qxd5 {[%emt 0:01:34]} Nxd5 {[%emt 0:00:01]} 59. Kg3 {[%emt 0:00:07]} Kg8 {[%emt 0:00:13]} 60. h4 {[%emt 0:00:05]} Kf7 {[%emt 0:00:14]} 61. h5 {[%emt 0:00:25]} gxh5 {[%emt 0:00:55]} 62. gxh5 {[%emt 0:00:06]} Ke6 {[%emt 0:00:24]} 63. Bd2 {[%emt 0:00:07]} Bf8 {[%emt 0:00:24]} 64. Kg4 {[%emt 0:00:06]} Nc7 {[%emt 0:01:06]} 65. Ng3 {[%emt 0:00:20]} Ne8 {[%emt 0:00:15]} 66. Ne4 {[%emt 0:00:13]} Kd5 {[%emt 0:00:53]} 67. Kf3 {[%emt 0:00:07]} Bg7 {[%emt 0:00:29]} 68. Ba5 {[%emt 0:00:37]} Ke6 {[%emt 0:00:45]} 69. Kg4 {[%emt 0:00:11]} Bf8 {[%emt 0:00:04]} 70. Bd2 {[%emt 0:00:06]} Kd5 {[%emt 0:00:30]} 71. Kf3 {[%emt 0:00:08]} Bg7 {[%emt 0:00:45]} 72. Be3 {[%emt 0:01:02]} Nc7 {[%emt 0:00:13]} 73. Ng3 {[%emt 0:00:43]} Ke6 {[%emt 0:00:18]} 74. Ne4 {[%emt 0:00:21]} Nd5 {[%emt 0:00:34]} 75. Bd2 {[%emt 0:00:06]} Ne7 {[%emt 0:00:21]} 76. Be3 {[%emt 0:02:08]} Nf5 {[%emt 0:00:07]} 77. Nf2 {[%emt 0:01:56]} Nxe3 {[%emt 0:01:19]} 78. Kxe3 {[%emt 0:00:05]} Kf5 {[%emt 0:00:02]} 79. Nd3 {[%emt 0:00:15]} Kg4 {[%emt 0:00:13]} 80. Nxe5+ {[%emt 0:00:07]} Bxe5 {[%emt 0:00:04]} 81. Kf2 {[%emt 0:00:03]} Kxh5 {[%emt 0:00:42]} 82. Kg2 {[%emt 0:00:05]} Kg4 {[%emt 0:00:04]} 83. Kg1 {[%emt 0:00:04]} h5 {[%emt 0:00:03]} 84. Kg2 {[%emt 0:00:06]} h4 {[%emt 0:00:02]} 85. Kg1 {[%emt 0:00:04]} h3 {[%emt 0:00:05]} 86. Kh1 {[%emt 0:00:03]} h2 {[%emt 0:00:05]} 87. Kg2 {[%emt 0:00:03]} h1=B+ {[%emt 0:00:04]} 88. Kxh1 {[%emt 0:00:04]} 1/2-1/2

[Event "NOR-ch Elite 2019"]
[Site "Larvik"]
[Date "2019.07.07"]
[Round "3.7"]
[White "Lie, Kjetil A."]
[Black "Risting, Eivind Olav"]
[Result "1-0"]
[WhiteElo "2538"]
[BlackElo "2314"]
[Annotator "ChessBase"]
[PlyCount "39"]
[EventDate "2019.07.05"]
[EventType "swiss"]
[EventCountry "NOR"]
[SourceTitle "playchess.com"]
[Source "ChessBase"]
[SourceQuality "1"]
[TimeControl "40/5400+30:1800+30"]

1. d4 {[%emt 0:00:00]} Nf6 {[%emt 0:00:00]} 2. Nf3 {[%emt 0:00:00]} e6 {[%emt 0:00:53]} 3. Bg5 {[%emt 0:00:52]} c5 {[%emt 0:04:15]} 4. d5 {[%emt 0:01:27]} exd5 {[%emt 0:06:07]} 5. e3 {[%emt 0:00:49]} d6 {[%emt 0:04:36]} 6. Nc3 {[%emt 0:05:08]} Be6 {[%emt 0:03:14]} 7. Bxf6 {[%emt 0:20:22]} Qxf6 {[%emt 0:00:40]} 8. Nxd5 {[%emt 0:00:08]} Bxd5 {[%emt 0:22:51]} 9. Qxd5 {[%emt 0:00:07]} Nc6 {[%emt 0:07:24]} 10. Ba6 {[%emt 0:18:01]} Qxb2 {[%emt 0:19:37]} 11. O-O {[%emt 0:00:34]} Qb6 {[%emt 0:00:16]} 12. Bc4 {[%emt 0:02:57]} O-O-O {[%emt 0:09:21]} 13. Ng5 {[%emt 0:10:52]} Ne5 {[%emt 0:04:11]} 14. Nxf7 {[%emt 0:03:39]} Nxf7 {[%emt 0:00:20]} 15. Qxf7 {[%emt 0:00:05]} d5 {[%emt 0:03:13]} 16. Bxd5 {[%emt 0:01:35]} Qc7 {[%emt 0:00:38]} 17. Qf5+ {[%emt 0:01:03]} Kb8 {[%emt 0:00:19]} 18. Bxb7 {[%emt 0:04:36]} Kxb7 {[%emt 0:02:05]} 19. Rab1+ {[%emt 0:00:18]} Ka6 {[%emt 0:00:28]} 20. Qe6+ {[%emt 0:01:41]} 1-0

[Event "NOR-ch Elite 2019"]
[Site "Larvik"]
[Date "2019.07.07"]
[Round "3.8"]
[White "Getz, Nicolai"]
[Black "Ranaldi, Lucas"]
[Result "1-0"]
[WhiteElo "2377"]
[BlackElo "2262"]
[Annotator "NA"]
[PlyCount "80"]
[EventDate "2019.07.05"]
[EventType "swiss"]
[EventCountry "NOR"]
[SourceTitle "playchess.com"]
[Source "ChessBase"]
[SourceQuality "1"]
[TimeControl "40/5400+30:1800+30"]

1. g3 {[%emt 0:00:00]} c5 {[%emt 0:00:00]} 2. c4 {[%emt 0:01:00]} Nc6 {[%emt 0:00:18]} 3. Bg2 {[%emt 0:03:30]} g6 {[%emt 0:00:12]} 4. Nc3 {[%emt 0:02:32]} Bg7 {[%emt 0:00:09]} 5. b3 {[%emt 0:01:12]} e6 {[%emt 0:12:54]} 6. Bb2 {[%emt 0:00:22]} Nge7 {[%emt 0:00:37]} 7. h4 {[%emt 0:05:57]} h6 {[%emt 0:11:32]} 8. Nh3 {[%emt 0:16:05]} O-O {[%emt 0:10:06]} 9. Nf4 {[%emt 0:01:21]} d6 {[%emt 0:01:30]} 10. d3 {[%emt 0:02:13]} Rb8 {[%emt 0:03:49]} 11. Qd2 {[%emt 0:06:15]} a6 {[%emt 0:03:21]} 12. O-O {[%emt 0:08:02]} b6 {[%emt 0:06:27]} 13. e3 {[%emt 0:14:19]} Bb7 {[%emt 0:01:23]} 14. Ne4 {[%emt 0:00:31]} e5 {[%emt 0:03:20]} 15. Ne2 {[%emt 0:01:40]} d5 {[%emt 0:09:27]} 16. N4c3 {[%emt 0:00:42]} Na5 {[%emt 0:14:11]} 17. Qc2 {[%emt 0:08:49]} d4 {[%emt 0:02:08]} 18. exd4 {[%emt 0:00:53]} Bxg2 {[%emt 0:00:56]} 19. Kxg2 {[%emt 0:00:03]} cxd4 {[%emt 0:01:25]} 20. Ne4 {[%emt 0:02:13]} f5 {[%emt 0:00:34]} 21. Nd2 {[%emt 0:00:04]} Nac6 {[%emt 0:01:05]} 22. Ba3 {[%emt 0:00:46]} a5 {[%emt 0:02:46]} 23. Bxe7 {[%emt 0:02:21]} Qxe7 {[%emt 0:00:43]} 24. a3 {[%emt 0:00:04]} Rbe8 {[%emt 0:05:08]} 25. b4 {[%emt 0:04:36]} axb4 {[%emt 0:03:23]} 26. axb4 {[%emt 0:00:02]} g5 {[%emt 0:03:22]} 27. hxg5 {[%emt 0:01:20]} hxg5 {[%emt 0:00:01]} 28. b5 {[%emt 0:07:23]} Nd8 {[%emt 0:00:53]} 29. c5 {[%emt 0:03:50]} bxc5 {[%emt 0:00:18]} 30. Qc4+ {[%emt 0:01:21]} Rf7 {[%emt 0:00:33]} 31. f3 {[%emt 0:00:11]} Qb7 {[%emt 0:00:57]} 32. Nb3 {[%emt 0:01:33]} Bf8 {[%emt 0:01:18]} 33. Ra6 {[%emt 0:00:19]} Kg7 {[%emt 0:00:27]} 34. Nxc5 {[%emt 0:02:31]} Bxc5 {[%emt 0:00:02]} 35. Qxc5 {[%emt 0:00:07]} g4 {[%emt 0:00:23]} 36. Qd6 {[%emt 0:00:25]} gxf3+ {[%emt 0:00:55]} 37. Rxf3 {[%emt 0:00:01]} e4 {[%emt 0:01:16]} 38. dxe4 {[%emt 0:01:42]} Ne6 {[%emt 0:00:37]} 39. Qe5+ {[%emt 0:00:24]} Rf6 {[%emt 0:00:31]} 40. Nxd4 {[%emt 0:01:52]} Kf7 {[%emt 0:00:28]} 1-0

[Event "NOR-ch Elite 2019"]
[Site "Larvik"]
[Date "2019.07.07"]
[Round "3.9"]
[White "Tryggestad, Andreas Garberg"]
[Black "Stokke, Kjetil"]
[Result "0-1"]
[WhiteElo "2336"]
[BlackElo "2336"]
[Annotator "NA"]
[PlyCount "49"]
[EventDate "2019.07.05"]
[EventType "swiss"]
[EventCountry "NOR"]
[SourceTitle "playchess.com"]
[Source "ChessBase"]
[SourceQuality "1"]
[TimeControl "40/5400+30:1800+30"]

1. d4 {[%emt 0:00:00]} Nf6 {[%emt 0:00:02]} 2. c4 {[%emt 0:00:00]} g6 {[%emt 0:00:06]} 3. Nc3 {[%emt 0:00:00]} Bg7 {[%emt 0:00:40]} 4. e4 {[%emt 0:00:00]} d6 {[%emt 0:00:04]} 5. Bd3 {[%emt 0:00:00]} O-O {[%emt 0:00:06]} 6. Nge2 {[%emt 0:00:05]} Nc6 {[%emt 0:00:08]} 7. O-O {[%emt 0:00:17]} e5 {[%emt 0:00:04]} 8. d5 {[%emt 0:00:24]} Nd4 {[%emt 0:00:06]} 9. Nxd4 {[%emt 0:00:08]} exd4 {[%emt 0:00:05]} 10. Ne2 {[%emt 0:00:06]} Re8 {[%emt 0:00:06]} 11. f3 {[%emt 0:00:03]} c5 {[%emt 0:00:05]} 12. Bg5 {[%emt 0:00:04]} h6 {[%emt 0:00:21]} 13. Bd2 {[%emt 0:00:05]} Bd7 {[%emt 0:07:52]} 14. Qc2 {[%emt 0:00:05]} a6 {[%emt 0:00:37]} 15. b4 {[%emt 0:19:32]} b6 {[%emt 0:13:32]} 16. bxc5 {[%emt 0:07:04]} bxc5 {[%emt 0:00:07]} 17. Ng3 {[%emt 0:00:22]} Rb8 {[%emt 0:01:56]} 18. f4 {[%emt 0:00:18]} Ng4 {[%emt 0:01:14]} 19. e5 {[%emt 0:15:25]} Qh4 {[%emt 0:08:50]} 20. h3 {[%emt 0:01:09]} Ne3 {[%emt 0:01:58]} 21. Bxe3 {[%emt 0:00:17]} dxe3 {[%emt 0:00:05]} 22. Ne4 {[%emt 0:08:17]} dxe5 {[%emt 0:00:34]} 23. Nxc5 {[%emt 0:16:34]} exf4 {[%emt 0:05:03]} 24. Rab1 {[%emt 0:09:39]} e2 {[%emt 0:04:00]} 25. Rxb8 {[%emt 0:03:00]} 0-1

[Event "NOR-ch Elite 2019"]
[Site "Larvik"]
[Date "2019.07.07"]
[Round "3.10"]
[White "Moen, Andreas G.R."]
[Black "Vestby-Ellingsen, Mads"]
[Result "1-0"]
[WhiteElo "2322"]
[BlackElo "2335"]
[Annotator "NA"]
[PlyCount "101"]
[EventDate "2019.07.05"]
[EventType "swiss"]
[EventCountry "NOR"]
[SourceTitle "playchess.com"]
[Source "ChessBase"]
[SourceQuality "1"]
[TimeControl "40/5400+30:1800+30"]

1. Nf3 {[%emt 0:00:00]} Nf6 {[%emt 0:02:00]} 2. d4 {[%emt 0:01:14]} g6 {[%emt 0:00:16]} 3. g3 {[%emt 0:00:38]} d5 {[%emt 0:01:25]} 4. Bg2 {[%emt 0:00:44]} Bg7 {[%emt 0:00:16]} 5. O-O {[%emt 0:00:34]} O-O {[%emt 0:00:18]} 6. c4 {[%emt 0:00:56]} dxc4 {[%emt 0:00:27]} 7. Qc2 {[%emt 0:15:27]} a6 {[%emt 0:14:34]} 8. Qxc4 {[%emt 0:03:38]} b5 {[%emt 0:00:31]} 9. Qc2 {[%emt 0:05:21]} Bb7 {[%emt 0:00:22]} 10. Bf4 {[%emt 0:16:36]} Nc6 {[%emt 0:10:10]} 11. Rd1 {[%emt 0:05:17]} Nb4 {[%emt 0:06:12]} 12. Qb3 {[%emt 0:03:22]} Nbd5 {[%emt 0:01:11]} 13. Be5 {[%emt 0:05:36]} Rc8 {[%emt 0:14:30]} 14. Nc3 {[%emt 0:04:35]} Nxc3 {[%emt 0:07:57]} 15. Qxc3 {[%emt 0:00:01]} Ne4 {[%emt 0:01:40]} 16. Qa3 {[%emt 0:00:51]} Nd6 {[%emt 0:03:10]} 17. Bxg7 {[%emt 0:00:57]} Nc4 {[%emt 0:00:56]} 18. Qc5 {[%emt 0:03:38]} Kxg7 {[%emt 0:00:12]} 19. b3 {[%emt 0:07:02]} Nb6 {[%emt 0:00:55]} 20. Ne5 {[%emt 0:00:23]} Bxg2 {[%emt 0:00:42]} 21. Kxg2 {[%emt 0:00:04]} Qd6 {[%emt 0:04:49]} 22. Rac1 {[%emt 0:00:05]} Rfd8 {[%emt 0:01:40]} 23. Nc6 {[%emt 0:03:15]} Rd7 {[%emt 0:00:32]} 24. e3 {[%emt 0:04:44]} Kg8 {[%emt 0:14:26]} 25. Rd2 {[%emt 0:01:08]} h5 {[%emt 0:04:07]} 26. Qg5 {[%emt 0:04:02]} Qd5+ {[%emt 0:04:07]} 27. Qxd5 {[%emt 0:00:11]} Nxd5 {[%emt 0:00:07]} 28. e4 {[%emt 0:00:54]} Nb6 {[%emt 0:01:32]} 29. Kf3 {[%emt 0:00:14]} Kg7 {[%emt 0:03:16]} 30. Ke3 {[%emt 0:00:04]} e6 {[%emt 0:00:51]} 31. Ne5 {[%emt 0:01:48]} Re7 {[%emt 0:00:47]} 32. Rdc2 {[%emt 0:00:07]} f6 {[%emt 0:01:22]} 33. Nd3 {[%emt 0:00:46]} f5 {[%emt 0:00:38]} 34. f3 {[%emt 0:00:05]} fxe4 {[%emt 0:00:15]} 35. fxe4 {[%emt 0:00:07]} a5 {[%emt 0:00:45]} 36. Rc5 {[%emt 0:01:09]} a4 {[%emt 0:00:31]} 37. Rxb5 {[%emt 0:00:14]} Ra8 {[%emt 0:00:18]} 38. b4 {[%emt 0:00:53]} Kh6 {[%emt 0:00:39]} 39. Rbc5 {[%emt 0:01:17]} Ra7 {[%emt 0:00:28]} 40. Ne5 {[%emt 0:01:41]} Rb7 {[%emt 0:00:32]} 41. Nc6 {[%emt 0:13:45]} Rd7 {[%emt 0:00:32]} 42. Na5 {[%emt 0:08:57]} Ra7 {[%emt 0:01:55]} 43. Rc6 {[%emt 0:00:25]} Re7 {[%emt 0:00:30]} 44. a3 {[%emt 0:04:05]} Kg7 {[%emt 0:01:35]} 45. h4 {[%emt 0:00:59]} Kh6 {[%emt 0:03:30]} 46. R1c5 {[%emt 0:01:11]} Kg7 {[%emt 0:01:24]} 47. Re5 {[%emt 0:05:56]} Kf7 {[%emt 0:00:21]} 48. Rc2 {[%emt 0:00:21]} Ra8 {[%emt 0:02:29]} 49. Nc6 {[%emt 0:00:34]} Rd7 {[%emt 0:01:38]} 50. Rg5 {[%emt 0:00:18]} Kf6 {[%emt 0:00:49]} 51. Rf2+ {[%emt 0:00:51]} 1-0

[Event "NOR-ch Elite 2019"]
[Site "Larvik"]
[Date "2019.07.07"]
[Round "3.11"]
[White "Skrondal, Inge Sandstad"]
[Black "Andersen, Alf Roger"]
[Result "1/2-1/2"]
[WhiteElo "2312"]
[BlackElo "2149"]
[Annotator "NA"]
[PlyCount "117"]
[EventDate "2019.07.05"]
[EventType "swiss"]
[EventCountry "NOR"]
[SourceTitle "playchess.com"]
[Source "ChessBase"]
[SourceQuality "1"]
[TimeControl "40/5400+30:1800+30"]

1. d4 {[%emt 0:00:00]} e6 {[%emt 0:00:19]} 2. c4 {[%emt 0:00:54]} d5 {[%emt 0:00:14]} 3. Nc3 {[%emt 0:00:16]} Nf6 {[%emt 0:00:37]} 4. Bg5 {[%emt 0:02:22]} Be7 {[%emt 0:00:27]} 5. e3 {[%emt 0:00:39]} O-O {[%emt 0:02:03]} 6. Nf3 {[%emt 0:02:19]} h6 {[%emt 0:00:29]} 7. Bh4 {[%emt 0:00:03]} b6 {[%emt 0:00:28]} 8. Be2 {[%emt 0:01:50]} Bb7 {[%emt 0:01:56]} 9. Bxf6 {[%emt 0:01:39]} Bxf6 {[%emt 0:00:08]} 10. cxd5 {[%emt 0:00:05]} exd5 {[%emt 0:00:10]} 11. Qb3 {[%emt 0:04:47]} a6 {[%emt 0:13:59]} 12. O-O {[%emt 0:05:48]} Qd6 {[%emt 0:01:01]} 13. Nd2 {[%emt 0:06:31]} Nd7 {[%emt 0:07:35]} 14. Bf3 {[%emt 0:02:00]} c6 {[%emt 0:00:20]} 15. Rac1 {[%emt 0:04:40]} a5 {[%emt 0:08:31]} 16. Rfd1 {[%emt 0:05:25]} Rfd8 {[%emt 0:11:25]} 17. Nf1 {[%emt 0:04:39]} Qb4 {[%emt 0:02:10]} 18. Qc2 {[%emt 0:00:54]} Nf8 {[%emt 0:01:04]} 19. Na4 {[%emt 0:12:02]} Nd7 {[%emt 0:10:41]} 20. Ng3 {[%emt 0:05:25]} g6 {[%emt 0:09:29]} 21. Bg4 {[%emt 0:04:27]} c5 {[%emt 0:07:34]} 22. a3 {[%emt 0:04:24]} Qb5 {[%emt 0:01:05]} 23. Nc3 {[%emt 0:00:12]} Qc6 {[%emt 0:02:52]} 24. Bf3 {[%emt 0:01:53]} Qe6 {[%emt 0:00:49]} 25. Nge2 {[%emt 0:02:06]} g5 {[%emt 0:03:35]} 26. h3 {[%emt 0:02:39]} Bg7 {[%emt 0:04:50]} 27. Bg4 {[%emt 0:03:54]} Qc6 {[%emt 0:02:01]} 28. Ng3 {[%emt 0:01:42]} Nf6 {[%emt 0:03:46]} 29. Bf5 {[%emt 0:08:34]} Bc8 {[%emt 0:02:26]} 30. dxc5 {[%emt 0:02:24]} bxc5 {[%emt 0:01:10]} 31. Na4 {[%emt 0:01:35]} c4 {[%emt 0:00:51]} 32. Nc3 {[%emt 0:01:33]} Be6 {[%emt 0:00:46]} 33. Rd2 {[%emt 0:00:30]} Rab8 {[%emt 0:00:54]} 34. Rcd1 {[%emt 0:00:58]} Rb3 {[%emt 0:00:40]} 35. e4 {[%emt 0:01:19]} d4 {[%emt 0:00:30]} 36. Rxd4 {[%emt 0:00:12]} Rdb8 {[%emt 0:00:31]} 37. Nd5 {[%emt 0:02:14]} Bxd5 {[%emt 0:00:30]} 38. exd5 {[%emt 0:00:11]} Qd6 {[%emt 0:00:28]} 39. Qxc4 {[%emt 0:03:36]} Rxb2 {[%emt 0:00:17]} 40. R4d3 {[%emt 0:00:17]} Rd8 {[%emt 0:00:47]} 41. Bg4 {[%emt 0:12:43]} Qb6 {[%emt 0:07:26]} 42. Qd4 {[%emt 0:06:41]} Qxd4 {[%emt 0:06:40]} 43. Rxd4 {[%emt 0:00:03]} Nxg4 {[%emt 0:06:23]} 44. Rxg4 {[%emt 0:00:02]} Bf8 {[%emt 0:00:42]} 45. h4 {[%emt 0:05:48]} f6 {[%emt 0:03:43]} 46. hxg5 {[%emt 0:02:27]} hxg5 {[%emt 0:00:05]} 47. Ra4 {[%emt 0:03:14]} Rb5 {[%emt 0:01:21]} 48. Ne4 {[%emt 0:01:02]} f5 {[%emt 0:03:05]} 49. Nxg5 {[%emt 0:00:29]} Rbxd5 {[%emt 0:01:13]} 50. Rxd5 {[%emt 0:00:15]} Rxd5 {[%emt 0:00:02]} 51. g3 {[%emt 0:00:30]} Be7 {[%emt 0:01:48]} 52. Ne6 {[%emt 0:00:30]} Kf7 {[%emt 0:00:33]} 53. Nf4 {[%emt 0:00:05]} Rb5 {[%emt 0:00:31]} 54. Kg2 {[%emt 0:00:51]} Bd6 {[%emt 0:00:24]} 55. Kh3 {[%emt 0:01:15]} Kf6 {[%emt 0:02:29]} 56. Nh5+ {[%emt 0:01:48]} Kg6 {[%emt 0:00:21]} 57. Nf4+ {[%emt 0:00:06]} Kf6 {[%emt 0:00:06]} 58. Nh5+ {[%emt 0:00:18]} Kg6 {[%emt 0:00:06]} 59. Nf4+ {[%emt 0:00:04]} 1/2-1/2

[Event "NOR-ch Elite 2019"]
[Site "Larvik"]
[Date "2019.07.07"]
[Round "3.12"]
[White "Ingebretsen, Jens E"]
[Black "Kaasen, Tor Fredrik"]
[Result "1/2-1/2"]
[WhiteElo "2276"]
[BlackElo "2376"]
[Annotator "NA"]
[PlyCount "125"]
[EventDate "2019.07.05"]
[EventType "swiss"]
[EventCountry "NOR"]
[SourceTitle "playchess.com"]
[Source "ChessBase"]
[SourceQuality "1"]
[TimeControl "40/5400+30:1800+30"]

1. c4 {[%emt 0:00:00]} e5 {[%emt 0:00:07]} 2. Nc3 {[%emt 0:00:00]} Nc6 {[%emt 0:00:18]} 3. Nf3 {[%emt 0:00:00]} g6 {[%emt 0:01:16]} 4. e3 {[%emt 0:02:17]} Bg7 {[%emt 0:00:49]} 5. d4 {[%emt 0:00:13]} d6 {[%emt 0:00:31]} 6. b3 {[%emt 0:02:30]} Bg4 {[%emt 0:03:16]} 7. Be2 {[%emt 0:02:58]} exd4 {[%emt 0:08:32]} 8. Nxd4 {[%emt 0:01:43]} Bxe2 {[%emt 0:01:33]} 9. Ndxe2 {[%emt 0:02:00]} Nge7 {[%emt 0:00:31]} 10. Bb2 {[%emt 0:01:59]} Qd7 {[%emt 0:01:04]} 11. Qd2 {[%emt 0:00:57]} O-O-O {[%emt 0:02:21]} 12. O-O-O {[%emt 0:06:15]} h5 {[%emt 0:02:53]} 13. Nf4 {[%emt 0:02:08]} Ne5 {[%emt 0:03:10]} 14. Qe2 {[%emt 0:08:57]} Kb8 {[%emt 0:06:05]} 15. Nd3 {[%emt 0:04:11]} Rhe8 {[%emt 0:05:10]} 16. Nxe5 {[%emt 0:02:26]} Bxe5 {[%emt 0:00:06]} 17. Nd5 {[%emt 0:02:41]} Nxd5 {[%emt 0:01:46]} 18. Rxd5 {[%emt 0:00:17]} c6 {[%emt 0:02:08]} 19. Rd3 {[%emt 0:01:39]} Qf5 {[%emt 0:03:05]} 20. Bxe5 {[%emt 0:04:15]} Qxe5 {[%emt 0:03:46]} 21. Kc2 {[%emt 0:14:22]} d5 {[%emt 0:02:09]} 22. Rhd1 {[%emt 0:03:52]} Qxh2 {[%emt 0:06:39]} 23. Qf3 {[%emt 0:01:27]} Qc7 {[%emt 0:00:10]} 24. cxd5 {[%emt 0:02:55]} Rxd5 {[%emt 0:00:39]} 25. Rxd5 {[%emt 0:00:43]} cxd5+ {[%emt 0:00:07]} 26. Kb2 {[%emt 0:02:46]} Rc8 {[%emt 0:02:45]} 27. Qxd5 {[%emt 0:10:22]} Qc3+ {[%emt 0:02:34]} 28. Ka3 {[%emt 0:00:33]} a6 {[%emt 0:06:21]} 29. Qd2 {[%emt 0:02:49]} Qc2 {[%emt 0:03:22]} 30. f3 {[%emt 0:01:02]} f5 {[%emt 0:03:46]} 31. f4 {[%emt 0:14:26]} h4 {[%emt 0:05:53]} 32. Qxc2 {[%emt 0:02:29]} Rxc2 {[%emt 0:00:07]} 33. Rh1 {[%emt 0:00:03]} Rxg2 {[%emt 0:00:27]} 34. Rxh4 {[%emt 0:00:04]} Rg3 {[%emt 0:00:23]} 35. Rh8+ {[%emt 0:00:52]} Kc7 {[%emt 0:00:14]} 36. Rg8 {[%emt 0:00:04]} Rxe3 {[%emt 0:00:27]} 37. Rg7+ {[%emt 0:00:05]} Kb8 {[%emt 0:00:07]} 38. Rg8+ {[%emt 0:00:17]} Ka7 {[%emt 0:00:05]} 39. Rxg6 {[%emt 0:00:03]} Re4 {[%emt 0:00:09]} 40. Rf6 {[%emt 0:00:08]} Rxf4 {[%emt 0:00:05]} 41. Kb2 {[%emt 0:30:49]} Rf1 {[%emt 0:32:46]} 42. Kc3 {[%emt 0:01:47]} f4 {[%emt 0:01:19]} 43. Kd3 {[%emt 0:00:00]} f3 {[%emt 0:00:00]} 44. Ke3 {[%emt 0:00:00]} Re1+ {[%emt 0:00:00]} 45. Kd3 {[%emt 0:00:00]} Rd1+ {[%emt 0:00:00]} 46. Ke3 {[%emt 0:00:00]} Ra1 {[%emt 0:00:00]} 47. Rxf3 {[%emt 0:00:00]} Rxa2 {[%emt 0:00:00]} 48. Kd3 {[%emt 0:00:00]} Kb6 {[%emt 0:00:00]} 49. Rf5 {[%emt 0:00:00]} Rh2 {[%emt 0:00:00]} 50. Kc3 {[%emt 0:00:00]} Rh3+ {[%emt 0:00:00]} 51. Kb4 {[%emt 0:00:00]} a5+ {[%emt 0:00:00]} 52. Ka4 {[%emt 0:00:00]} Rh4+ {[%emt 0:00:00]} 53. Ka3 {[%emt 0:00:00]} Ka6 {[%emt 0:00:00]} 54. Rf6+ {[%emt 0:00:00]} b6 {[%emt 0:00:00]} 55. Rg6 {[%emt 0:00:00]} Rh5 {[%emt 0:00:00]} 56. Rf6 {[%emt 0:00:00]} Kb5 {[%emt 0:00:00]} 57. Rg6 {[%emt 0:00:00]} Rc5 {[%emt 0:00:00]} 58. Rh6 {[%emt 0:00:00]} Rc6 {[%emt 0:00:00]} 59. Rh3 {[%emt 0:00:00]} Rc5 {[%emt 0:00:00]} 60. Rh6 {[%emt 0:00:00]} Ka6 {[%emt 0:00:00]} 61. Rg6 {[%emt 0:00:00]} Kb7 {[%emt 0:00:00]} 62. Rg7+ {[%emt 0:00:00]} Rc7 {[%emt 0:00:00]} 63. Rxc7+ {[%emt 0:00:00]} 1/2-1/2